00449nam a2200133Ia 4500008004100000082001200041100002800053245007800081260000900159300001000168942000700178999001700185952011300202190415s9999 xx 000 0 und d aRI.0006 aIqbal Narain and others 0aVoting behaviour in fifth Lok Sabha elections : A case study of Rajasthan c1988 a600p. cBK c22761d22761 00104070aNASSDOCbNASSDOCd2004-10-08i2004-10-22l0oRI.0006p27874r2019-04-18 00:00:00w2019-04-18yBK